Estadísticas para Jugadores con más partidos disputados en la historia de los Mundiales

Haz click aquí para intentar la prueba.

Estadísticas generales

  • Esta prueba ha sido intentada 43 veces
  • La puntuación promedio es 12 de 24

Estadísticas de respuestas

PartidosNacionaliadTorneos jugadosJugador% Correcto
26Argentina2006, 2010, 2014, 2018, 2022Lionel Messi
100%
19Alemania2010, 2014, 2018, 2022Thomas Müller
93%
22Portugal2006, 2010, 2014, 2018, 2022Cristiano Ronaldo
90%
19Brasil1998, 2002, 2006Ronaldo
88%
21Argentina1982, 1986, 1990, 1994Diego Armando Maradona
78%
19Croacia2006, 2014, 2018, 2022Luka Modrić
75%
24Alemania2002, 2006, 2010, 2014Miroslav Klose
75%
25Alemania1982, 1986, 1990, 1994, 1998Lothar Matthäus
68%
20Francia2010, 2014, 2018, 2022Hugo Lloris
65%
19Alemania2010, 2014, 2018, 2022Manuel Neuer
65%
23Italia1990, 1994, 1998, 2002Paolo Maldini
63%
19Francia2014, 2018, 2022Antoine Griezmann
58%
20Alemania2006, 2010, 2014Philipp Lahm
55%
20Brasil1994, 1998, 2002, 2006Cafu
50%
20Argentina2006, 2010, 2014, 2018Javier Mascherano
48%
20Alemania2006, 2010, 2014Bastian Schweinsteiger
43%
19Mexico2002, 2006, 2010, 2014, 2018Rafael Márquez
43%
20Polonia1974, 1978, 1982Grzegorz Lato
20%
19Alemania1978, 1982, 1986Karl-Heinz Rummenigge
18%
19Alemania2006, 2010, 2014Per Mertesacker
5%
19Alemania1970, 1974, 1978Berti Vogts
0%
21Alemania1958, 1962, 1966, 1970Uwe Seeler
0%
21Polonia1974, 1978, 1982, 1986Władysław Żmuda
0%
19Alemania1966, 1970, 1974Wolfgang Overath
0%

Distribución de puntuación

Porcentaje por número respondido

Porcentaje de gente con cada puntuación

Historial de tus puntuaciones

No has intentado esta prueba.